El defensor de la paz.

Guardat en:
Dades bibliogràfiques
Autor principal: Marsilio de Padua (autor)
Altres autors: Martínez Gómez, Luis (estudio preliminar, traductor, notas)
Format: Llibre
Publicat: Madrid, España: Tecnos, 1989.
Col·lecció:Colección Clásicos del Pensamiento, 57.
Matèries:
Etiquetes: Afegir etiqueta
Sense etiquetes, Sigues el primer a etiquetar aquest registre!

MARC

LEADER 00000nam a2200000 a 4500
001 UCX1418
003 CL-VaPUC
005 20220822114511.0
008 220620b1989 ||||| |||| 00| 0 eng d
999 |c 436122  |d 436120 
020 |a 84-309-1672-5 
040 |c Pontificia Universidad Católica de Valparaíso 
082 0 4 |a 320.01 MAR 1989  |2 21 
100 |a Marsilio de Padua  |e autor  |9 862897 
245 1 3 |a El defensor de la paz.  
260 |a Madrid, España:  |b Tecnos,   |c 1989. 
300 |a 546 páginas.  
490 |a Colección Clásicos del Pensamiento,   |v 57. 
500 |a c.1 Donación Familia Prof. Alejandro Guzmán Brito. 
583 |a last modification  |c 19900822 00:00:00  |k Cristina María Rojas Aguilar 
650 0 |a Iglesia   |9 255004 
650 0 |a Historia  |9 255047 
650 0 |a Paz  |9 259242 
700 |a Martínez Gómez, Luis  |e estudio preliminar  |e traductor  |e notas  |9 870936 
942 |c BK  |2 ddc  |n 0 
952 |0 0  |1 0  |2 ddc  |4 0  |6 320_010000000000000_MAR_1989  |7 0  |8 C_AGB  |9 583854  |a BIBDER  |b BIBDER  |d 2022-06-20  |e Donación   |i 5651976  |l 1  |o 320.01 MAR 1989  |p 5651976  |r 2023-06-29  |s 2023-06-29  |t 1  |w 2022-06-20  |y BK_US  |k AGB